Vận hành Microsoft Windows 2000 proffesional

Guardat en:
Dades bibliogràfiques
Format: Llibre
Idioma:Undetermined
Publicat: Hà Nội Thống kê 2000
Matèries:
Etiquetes: Afegir etiqueta
Sense etiquetes, Sigues el primer a etiquetar aquest registre!
Thư viện lưu trữ: Trung tâm Học liệu Trường Đại học Cần Thơ
LEADER 00578nam a2200181Ia 4500
001 CTU_37802
008 210402s9999 xx 000 0 und d
020 |b 97.000đ 
082 |a 005.437 
082 |b V121 
245 0 |a Vận hành Microsoft Windows 2000 proffesional 
245 0 |c VN-Guide dịch 
260 |a Hà Nội 
260 |b Thống kê 
260 |c 2000 
650 |a programming languages ( electronic computers ),windows ( computer programs ) 
904 |i Nguyễn Quang Điền, 000928 
980 |a Trung tâm Học liệu Trường Đại học Cần Thơ